000 00198nam a2200085Ia 4500
008 120527s9999 xx 000 0 und d
100 _aHay, Leone
245 _aAccounting for Governmental
942 _cBK
999 _c27114
_d27114